000 00487nam a2200181Ia 4500
005 20250508152253.0
008 008 250505s9999 xx 000 0 eng d
037 _aTextual
040 _aFEDL
_beng
_cFEDL
041 _aeng
_2eng
084 _a153.93, PER
_qFEDL
100 _aPerry Haydn
_9761117
245 0 _aAttainment tests
260 _aLondon, UK
_bBlackie and Son Limited
_c1948
300 _a271p
942 _cTEXL
_h153.93, PER
999 _c1335424
_d1335424